| 000 | 00743cam a2200241 a 4500 | ||
|---|---|---|---|
| 001 | 28155 | ||
| 003 | BD-RjUL | ||
| 005 | 20211209051238.0 | ||
| 008 | 14 t1952 nyuab b 001 0 eng d | ||
| 035 | _a(BD-RjUL)28236 | ||
| 040 |
_aDLC _cJPL _dSER _dEQO _dBD-RjUL _beng |
||
| 041 | _aeng | ||
| 082 | 0 | 0 |
_a973 _221 _bBAS 1952 |
| 100 | 1 |
_aBaldwin, Leland D. _q(Leland Dewitt), _d1897-1981 _986266 |
|
| 245 | 1 | 4 |
_aThe stream of American history / _cLeland D.Baldwin. _nVolume-2 |
| 260 |
_aNew York : _bAmerican Book Co., _cc1952. |
||
| 300 |
_aV-2 (xvi, 917 p. ) : _bill. ; _c24 cm. |
||
| 504 | _aIncludes bibliography and indexes. | ||
| 651 | 0 |
_aUnited States _xHistory. _986267 |
|
| 942 |
_2ddc _cBK |
||
| 999 |
_c28155 _d28155 |
||